Εισαγωγή στην ελληνική λαογραφία

Αποθηκεύτηκε σε:
Λεπτομέρειες βιβλιογραφικής εγγραφής
Κύριος συγγραφέας: Λουκάτος, Δημήτρης Σωτ., 1908-2003
Μορφή: Βιβλίο
Γλώσσα:Greek
Δημοσίευση: Αθήνα : Μορφωτικό Ιδρυμα Εθνικής Τραπέζης, 1985
Έκδοση:3η έκδ.
Θέματα:
Ετικέτες: Προσθήκη ετικέτας
Δεν υπάρχουν, Καταχωρήστε ετικέτα πρώτοι!

MARC

LEADER 00000nam a2200000 i 4500
001 1/72052
008 950405s1985 gre d
035 |a 1986  |c Αγορά  |l 10031130 
040 |a GR-MY-UA  |b gre  |e aacr 
041 0 |a gre 
082 0 |a 390.09495  |2 (21) 
100 1 |a Λουκάτος, Δημήτρης Σωτ.,   |d 1908-2003. 
245 1 0 |a Εισαγωγή στην ελληνική λαογραφία /  |c Δημητρίου Σ. Λουκάτου 
250 |a 3η έκδ. 
260 |a Αθήνα :   |b Μορφωτικό Ιδρυμα Εθνικής Τραπέζης,   |c 1985 
300 |a 351 σ.;  |c 23 εκ. 
504 |a Περιέχει βιβλιογραφία και ευρετήριο. 
650 0 0 |a Folklore  |z Greece. 
651 0 |a Greece  |x Social life and customs. 
852 |a INST  |b LESVOS  |e 19950405  |h 390.09495 ΛΟΥ  |p 005100001777  |q 005100001777  |t BK  |y 0 
852 |a INST  |b LESVOS  |e 19950406  |h 390.09495 ΛΟΥ  |p 005100004023  |q 005100004023  |t BK  |y 0 
852 |a INST  |b RHODES  |e 19960719  |h 398.09495 ΛΟΥ  |p 005400002383  |q 005400002383  |t BK  |y 0 
852 |a INST  |b SYROS  |e 20040511  |h 390.09495 ΛΟΥ  |p 005500002896  |q 005500002896  |t BK  |y 0 
901 |a BIBL5-2004-2 
909 |a Ε  |b 111306 
909 |a Ρ  |b 004965  |c 1986 
909 |a Λ  |b 036692 
920 |a ΠΑΡΑΡΤΗΜΑ ΒΙΒΛΙΟΘΗΚΗΣ ΜΥΤΙΛΗΝΗΣ  |y ΣΥΡΟΣ  |z 2003-11 
970 |a ΒΟΪΚΟΥ  |b ΧΡΥΣΑΝΘΗ  |z 2004/05/11